00561 2200217 4500001002100000005001800021008004100039020001800080035002400098090001400122100001800136245003000154250001100184260003300195300003000228650002000258700002000278850001500298999001500313999001500328YOGYA-1010000000192620101005094918575 ind  a979-963-639-0 0010-101000000001926 a813 Amr D aAmrih, Pitoyo aThe darkness of gatotkaca aCet. 1 aYogyakartabDiva Pressc2009 a416 hlm .; 20 cm. (2 eks) aFiksi Indonesia aWidayanti, Elis aYOPDYOG[B] a10BKS01091 a10BKS01092